Szczegóły MARC21

Analiza struktury przestrzennej i czasoprzestrzennej maksymalnych opadów dobowych w Polsce w latach 1956-1980 /

003 -Nazwa inst., której nr kontr. jest w polu 001 [,]
    • @
    • Nazwa instytucji, której n kontrolny jest w polu 001
    • NUKAT
005 -DATA I CZAS OSTATNIEJ MODYFIKACJI [,]
    • @
    • pole kontrolne
    • 20260422095647.0
020 -Międzynarod. znormalizowany nr książki - ISBN [ , ]
    • a
    • Numer ISBN
    • 9788323219880 Find
040 -Instytucja sporządzająca opis [ , ]
    • a
    • Instytucja, która sporządziła opis (NP)
    • WR U/brk
    • c
    • Instytucja, która sporządziła rekord (NP)
    • WR U/brk
    • d
    • Instytucja, która zmodyfikowała rekord (P)
    • WR U/dl
    • d
    • Instytucja, która zmodyfikowała rekord (P)
    • POZN U/JRs
041 -Język dokumentu [0, ]
    • a
    • Język tekstu (P)
    • polski
    • b
    • Język streszczeń lub abstraktu (P)
    • angielski
942 -Rodzaj dokumentu [ , ]
    • c
    • Rodzaj dokumentu
    • Książka
100 -Hasło główne - nazwa osobowa [1, ]
    • a
    • Nazwa osobowa (NP)
    • Stach, Alfred Henryk
    • d
    • Daty biograficzne (NP)
    • (1959- ).
    • 9
    • KHW
    • 44179
245 -Strefa tytułu i oznaczenia odpowiedzialności [1,0]
    • a
    • Tytuł
    • Analiza struktury przestrzennej i czasoprzestrzennej maksymalnych opadów dobowych w Polsce w latach 1956-1980 / Find
    • c
    • Pozostałe elementy strefy tytułu i oznaczenia odpowiedzialności (NP)
    • Alfred Stach.
260 -Strefa adresu wydawniczego [ , ]
    • a
    • Miejsce wydania (P)
    • Poznań :
    • b
    • Nazwa wydawcy (P)
    • Wydawnictwo Naukowe Uniwersytetu im. Adama Mickiewicza,
    • c
    • Data wydania (P)
    • 2009.
300 -Strefa opisu fizycznego [ , ]
    • a
    • Określenie formy książki i/lub objętość (NP)
    • 322, [1] s. :
    • b
    • Oznaczenie ilustracji (NP)
    • il. ;
    • c
    • Format (NP)
    • 25 cm +
    • e
    • Oznaczenie dokumentu towarzyszącego (NP)
    • 1 dysk optyczny (DVD-ROM ; 12 cm).
336 -Typ zawartości [ , ]
    • a
    • Termin opisujący typ zawartości
    • Tekst
    • b
    • Kod określający zawartość
    • txt
    • 2
    • Źródło (terminu i kodu)
    • rdacontent
337 -Typ mediów [ , ]
    • a
    • Tryb odtwarzania
    • Bez urządzenia pośredniczącego
    • b
    • Kod typu mediów
    • n
    • 2
    • Źródło (terminu i kodu)
    • rdamedia
338 -Typ/rodzaj nośnika [ , ]
    • a
    • Hasło opisujące typ nośnika
    • Wolumin
    • b
    • Kod typu nośnika
    • nc
    • 2
    • Źródło (terminu i kodu)
    • rdacarrier
380 -Deskryptor - Forma dzieła (P) [ , ]
    • a
    • forma dzieła (NP)
    • Książki
490 -Strefa serii i książki wielotomowej - forma nie do wyszukiwania [1, ]
    • a
    • Tytuł (P)
    • Seria Geografia / Uniwersytet im. Adama Mickiewicza w Poznaniu, Find
    • x
    • ISSN (NP)
    • 0554-8128 ;
    • v
    • Numeracja (P)
    • nr 85
830 -Hasło dodatkowe serii i opisu książki wielotomowej - tytuł ujednolicony/tytuł [ ,0]
    • a
    • Tytuł ujednolicony/tytuł (NP)
    • Geografia - Uniwersytet im. Adama Mickiewicza w Poznaniu
    • x
    • ISSN
    • 0554-8128
    • v
    • Oznaczenie tomu (NP)
    • nr 85
    • 9
    • KHW
    • 44158
500 -Uwaga ogólna [ , ]
    • a
    • Uwaga ogólna (NP)
    • Dysk optyczny zawiera źródłową bazę danych i wyniki w postaci numerycznej i kartograficznej.
504 -Uwaga dot. bibliogr. załącznikowej [ , ]
    • a
    • Uwaga dot. bibliografii załącznikowej
    • Bibliogr. s. 285-294.
546 -Uwaga dot. języka [ , ]
    • a
    • Uwaga dot. języka
    • Streszcz. i spis tablic w jęz. ang.
080 -Uniwersalna Klasyfikacja Dziesiętna [ , ]
    • 2
    • Identyfikator wydania tablic
    • UDC-P058
    • 9
    • UKD
    • 4275
    • a
    • Symbol klasyfikacji
    • 551.57
    • b
    • Dopowiedzenie
    • Para wodna i hydrometeory. Mgła. Chmury. Opady. Radioaktywność opadów. Śnieg. Lawiny. Susza. Hydrometeorologia. Wilgotność ziemi.
    • 4
    • UKD2
    • 7642
    • x
    • Poddział wspólny
    • (438)
    • c
    • Dopowiedzenie poddz. wspólnego
    • (Polska).
648 -Hasło przedmiotowe - chronologia [ ,7]
    • a
    • Deskryptor chronologiczny
    • 1901-2000
    • 2
    • Źródło terminu
    • DBN
    • 9
    • KHW
    • 721448
648 -Hasło przedmiotowe - chronologia [ ,7]
    • a
    • Deskryptor chronologiczny
    • 1945-1989
    • 2
    • Źródło terminu
    • DBN
    • 9
    • KHW
    • 721450
650 -Hasło przedmiotowe [ ,7]
    • a
    • Hasło przedmiotowe
    • Opady
    • 2
    • Źródło terminu
    • DBN
    • 9
    • KHW
    • 737744
650 -Hasło przedmiotowe [ ,7]
    • a
    • Hasło przedmiotowe
    • Opady (meteorologia)
    • z
    • Określnik geograficzny
    • Polska
    • y
    • Określnik chronologiczny
    • 1945-1990.
    • 2
    • Źródło terminu
    • kaba
    • 9
    • KHW
    • 368383
650 -Hasło przedmiotowe [ ,7]
    • a
    • Hasło przedmiotowe
    • Opady (meteorologia)
    • z
    • Określnik geograficzny
    • Polska
    • y
    • Określnik chronologiczny
    • 1945-1990
    • v
    • Określnik formalny
    • tabele, wykresy.
    • 2
    • Źródło terminu
    • kaba
    • 9
    • KHW
    • 368384
651 -Hasło przedmiotowe w formie nazwy geograficznej [ ,7]
    • a
    • Nazwa geograficzna
    • Polska
    • 2
    • Źródło terminu
    • DBN
    • 9
    • KHW
    • 721438
658 -Ujęcie treści [ , ]
    • a
    • dziedzina nauki i sztuki/ sfera aktywności życiowej
    • Geografia i nauki o Ziemi
980 -Symbol UKD [ , ]
    • a
    • UKD
    • 551.57(438)
710 -Hasło dodatkowe - nazwa ciała zbiorowego [2, ]
    • a
    • Nazwa ciała zbiorowego lub nazwa geograficzna jako pierwszy element (NP)
    • Uniwersytet im. Adama Mickiewicza (Poznań).
    • b
    • Nazwa jednostki podrzędnej (P)
    • Wydawnictwo Naukowe.
    • 4
    • Kod relacji
    • pbl
    • 9
    • KHW
    • 52821
920 -ISBN [ , ]
    • a
    • ISBN
    • 978-83-232-1988-0 Find
Data inwentaryzacji Lokalizacja Status udost. Numer inwentarzowy
2012-07-02BG1Z.116105